[Event "Mechanics' Summer TNM; 30/90, SD/30"]
[Site "San Francisco"]
[Date "2012.06.05"]
[Round "3.4"]
[White "Wong, Russell"]
[Black "Chernobilskiy, Mikhail"]
[Result "1-0"]
[WhiteElo "2221"]
[BlackElo "1855"]
[PlyCount "39"]
[EventDate "2012.??.??"]

1. d4 f5 2. e4 fxe4 3. f3 Nf6 4. Nc3 exf3 5. Nxf3 g6 6. Bd3 Bg7 7. O-O d6 8.
Ng5 O-O 9. Rxf6 $5 exf6 (9... Bxf6 10. Nxh7 Bxd4+ 11. Kh1 Bxc3 12. bxc3 Rf5 13.
Bxf5 Bxf5 14. Ng5 Nc6 $11) (9... Rxf6 10. Bc4+ e6 11. d5 e5 12. Ne6 Bxe6 13.
dxe6 Kh8 14. Bg5 c6 $11) 10. Nxh7 Kxh7 $1 (10... f5) 11. Qh5+ Kg8 12. Bxg6 Rf7
13. Bxf7+ Kf8 14. Bh6 Bxh6 15. Qxh6+ Kxf7 16. Qh7+ Kf8 17. Qh8+ Ke7 18. Qg7+
Ke6 19. Re1+ Kf5 20. Re4 1-0

[Event "Mechanics' Mar TNM; 30/90, SD/30"]
[Site "San Francisco"]
[Date "2012.09.25"]
[Round "9.4"]
[White "Wong, Russell"]
[Black "Gaffagan, Steven"]
[Result "0-1"]
[WhiteElo "2221"]
[BlackElo "2062"]
[PlyCount "119"]
[EventDate "2012.??.??"]

1. d4 Nf6 2. c4 g6 3. Nc3 d5 4. Bg5 Ne4 5. Nxe4 dxe4 6. Qd2 Bg7 7. O-O-O h6 8.
Be3 Nd7 9. Qc2 Nf6 10. h3 c6 11. Kb1 O-O 12. g4 b5 13. Bd2 bxc4 14. e3 Be6 15.
Bxc4 Bxc4 16. Qxc4 Qb6 17. Rc1 Rab8 18. Rc2 Rfc8 19. Ne2 Rb7 20. Nc3 Qd8 21.
Na4 Nd7 22. Qa6 Qc7 23. Rhc1 Nb8 24. Qf1 Qd6 25. Nc5 Rbc7 26. Ba5 Rd7 27. Nxd7
Qxd7 28. Qc4 Re8 29. Rd2 e6 30. Bb4 Qd8 31. Bc5 Nd7 32. Qa6 Nxc5 33. Rxc5 Qh4
34. Qxc6 Rf8 35. Qxe4 Qxh3 36. Rc1 Qh4 37. Rh1 Qg5 38. Rc2 Rb8 39. Rhc1 Kh7 40.
Rc7 Qb5 41. b3 a5 42. Rxf7 a4 43. Qe5 Qd3+ 44. Ka1 Rg8 45. bxa4 Kh8 46. Qc7 e5
47. Qc2 Qa3 48. Rxg7 Rxg7 49. dxe5 Rf7 50. e6 Rg7 51. Qc3 Qxa4 52. e7 Qe8 53.
Qf6 Kh7 54. Rc7 Rf7 55. Qe6 Rxf2 56. Qc6 Qh8+ 57. Qc3 Rf1+ 58. Kb2 Qb8+ 59. Ka3
Qa8+ 60. Kb4 {White is still winning at this point, where both players quit
keeping score, but later blundered and was mated in time pressure.} 0-1

[Event "Mechanics' Fall TNM; 30/90, SD/30"]
[Site "San Francisco"]
[Date "2012.11.13"]
[Round "5.3"]
[White "Wong, Russell"]
[Black "Krasnov, Steven"]
[Result "0-1"]
[WhiteElo "2212"]
[BlackElo "1959"]
[Annotator "Donaldson"]
[PlyCount "54"]
[EventDate "2012.??.??"]

1. e4 c5 2. Nf3 e6 3. d4 cxd4 4. Nxd4 Nc6 5. Nb5 d6 6. c4 a6 7. N5a3 Nf6 8. Nc3
Be7 9. Be2 O-O 10. O-O b6 11. Be3 Qc7 12. Rc1 Rd8 $6 13. Nd5 $1 exd5 14. cxd5
Bd7 15. dxc6 Bxc6 16. Qd4 Nd7 17. Qc3 Rdc8 18. Bg4 (18. f3 $14) 18... Qb7 19.
Bxd7 $6 Bxd7 20. Qd3 b5 21. Bd4 Be6 22. b3 $2 d5 $1 23. Qg3 f6 24. exd5 Rxc1
25. Rxc1 Qxd5 26. Bb2 Rd8 27. h3 Qd2 0-1

[Event "Mechanics' Winter TNM; 30/90, SD/30"]
[Site "San Francisco"]
[Date "2012.01.17"]
[Round "3.1"]
[White "Wong, Russell"]
[Black "Ledford, Steven"]
[Result "1-0"]
[WhiteElo "2200"]
[BlackElo "1957"]
[PlyCount "67"]
[EventDate "2012.??.??"]

1. e4 e5 2. Nf3 Nc6 3. Bb5 a6 4. Ba4 Nf6 5. O-O Be7 6. Re1 b5 7. Bb3 d6 8. c3
O-O 9. h3 h6 10. d4 Re8 11. Nbd2 Bf8 12. Nf1 Na5 13. Bc2 Bb7 14. Ng3 g6 15. a4
c5 16. dxe5 dxe5 17. Qxd8 Raxd8 18. axb5 Nc4 19. bxa6 Ra8 20. Bd3 Bxa6 21. Rxa6
Rxa6 22. Bxc4 Ra1 23. Be3 Rxe1+ 24. Nxe1 Rb8 25. Nd3 Nd7 26. h4 Kg7 27. h5 Bd6
28. hxg6 fxg6 29. Be6 Nf8 30. Bd5 h5 31. Nf1 Kf6 32. Nd2 Ne6 33. Nc4 Be7 34.
Ndxe5 1-0

[Event "Mechanics' Summer TNM; 30/90, SD/30"]
[Site "San Francisco"]
[Date "2012.06.26"]
[Round "6.3"]
[White "Wong, Russell"]
[Black "Lin, Michael"]
[Result "1-0"]
[WhiteElo "2221"]
[BlackElo "2054"]
[PlyCount "86"]
[EventDate "2012.??.??"]

1. d4 Nf6 2. c4 g6 3. g3 Bg7 4. Bg2 O-O 5. Nc3 d6 6. Nf3 Nc6 7. O-O a6 8. h3
Rb8 9. d5 Na5 10. Qd3 c5 11. e4 e5 12. Nd2 Bd7 13. a4 Bh6 14. Rb1 Qc7 15. b3
Nh5 16. Nf3 Bxc1 17. Rfxc1 h6 18. Qd2 Kg7 19. Nh4 b5 20. axb5 axb5 21. Nxb5
Bxb5 22. cxb5 Rxb5 23. b4 Qb7 24. Qd1 cxb4 25. Nf5+ gxf5 26. Qxh5 fxe4 27. Bxe4
Qe7 28. Qg4+ Qg5 29. Qd7 Rb6 30. Qa7 Rb5 31. Qa6 Rfb8 32. Qxd6 Qf6 33. Qd7 R8b7
34. Rc7 Rxc7 35. Qxc7 Nb7 36. Rb3 Qd6 37. Qc8 Nc5 38. Re3 Nxe4 39. Rxe4 b3 40.
Qg4+ Kf8 41. Qc8+ Ke7 42. Ra4 Qb6 43. Ra8 Rxd5 1-0

[Event "Mechanics' Mar TNM; 30/90, SD/30"]
[Site "San Francisco"]
[Date "2012.08.07"]
[Round "2.12"]
[White "Wong, Russell"]
[Black "Ochoa, Jason"]
[Result "1-0"]
[WhiteElo "2221"]
[BlackElo "1900"]
[PlyCount "73"]
[EventDate "2012.??.??"]

1. d4 g6 2. c4 Bg7 3. Nc3 c5 4. Nf3 cxd4 5. Nxd4 Nc6 6. Nc2 Nf6 7. e4 O-O 8.
Be2 d6 9. O-O Be6 10. Ne3 Rc8 11. Bd2 Ne5 12. b3 Nfd7 13. f4 Nc6 14. f5 gxf5
15. exf5 Qb6 16. fxe6 fxe6 17. Na4 Rxf1+ 18. Bxf1 Qd4 19. Rc1 Rf8 20. Qe2 Nce5
21. Kh1 Nf6 22. Nc2 Qh4 23. g3 Qe4+ 24. Qxe4 Nxe4 25. Be3 a6 26. Bh3 Nf2+ 27.
Kg2 Neg4 28. Bxg4 Nxg4 29. Bg1 b5 30. Nb6 Rf5 31. h3 Nf6 32. Re1 bxc4 33. Nxc4
e5 34. Nb4 d5 35. Rxe5 Rxe5 36. Nxe5 Ne4 37. Bd4 1-0

[Event "Mechanics' Winter TNM; 30/90, SD/30"]
[Site "San Francisco"]
[Date "2012.01.03"]
[Round "1.1"]
[White "Wong, Russell"]
[Black "Poling, Scott"]
[Result "1-0"]
[WhiteElo "2200"]
[BlackElo "1640"]
[PlyCount "59"]
[EventDate "2012.??.??"]

1. e4 e6 2. d4 d5 3. Nc3 dxe4 4. Nxe4 Bd7 5. Nf3 Bc6 6. Bd3 Nd7 7. O-O Ngf6 8.
Nxf6+ Nxf6 9. Bf4 Bxf3 10. Qxf3 c6 11. c3 Be7 12. Rae1 Qd5 13. Qe2 O-O-O 14.
Be5 Qd7 15. f4 Ne8 16. f5 Nd6 17. fxe6 fxe6 18. Bg3 g6 19. Qxe6 Qxe6 20. Rxe6
Kd7 21. Rfe1 Rde8 22. d5 Nb5 23. Bf2 Nc7 24. dxc6+ bxc6 25. R6e2 Nd5 26. Be4
Bg5 27. Bxd5 cxd5 28. Rxe8 Rxe8 29. Rxe8 Kxe8 30. Bxa7 1-0

[Event "Mechanics' Winter TNM; 30/90, SD/30"]
[Site "San Francisco"]
[Date "2012.01.31"]
[Round "5.1"]
[White "Wong, Russell"]
[Black "Rumph, Todd"]
[Result "1-0"]
[WhiteElo "2200"]
[BlackElo "2168"]
[Annotator "Donaldson"]
[PlyCount "55"]
[EventDate "2012.??.??"]

1. d4 Nf6 2. c4 e6 3. Nc3 Bb4 4. a3 Bxc3+ 5. bxc3 c5 6. e3 Nc6 7. Bd3 b6 8. d5
Ne5 9. Be2 Ne4 10. Qc2 Nd6 11. Qa4 Qh4 12. Nf3 Nxf3+ 13. Bxf3 e5 14. Be2 Ne4
15. g3 Qf6 16. O-O Nxc3 17. Qc2 Nxe2+ 18. Qxe2 d6 19. f4 Bh3 20. Rf2 e4 21. Bb2
Qg6 22. Qc2 h5 $4 (22... O-O {f7 must be protected.} 23. Qc3 (23. f5 Bxf5 24.
Raf1 Bh3) 23... f6 $17) 23. f5 $1 Bxf5 24. Raf1 Bh3 25. Rxf7 Bxf1 26. Rxg7 Qf5
27. Qa4+ Kd8 28. Qc6 1-0

[Event "Mechanics' Summer TNM; 30/90, SD/30"]
[Site "San Francisco"]
[Date "2012.06.12"]
[Round "4.2"]
[White "Wong, Russell"]
[Black "Watson, Farid"]
[Result "1/2-1/2"]
[WhiteElo "2221"]
[BlackElo "2046"]
[PlyCount "43"]
[EventDate "2012.??.??"]

1. d4 Nf6 2. c4 e6 3. Nf3 Bb4+ 4. Bd2 Qe7 5. a3 Bxd2+ 6. Qxd2 d6 7. Nc3 O-O 8.
Qg5 Re8 9. e3 e5 10. Be2 Nc6 11. Nd5 Nxd5 12. cxd5 f6 13. Qh4 Nd8 14. dxe5 dxe5
15. Rc1 c6 16. Bc4 cxd5 17. Bxd5+ Be6 18. Qc4 Nc6 19. e4 Rac8 20. b4 Bxd5 21.
Qxd5+ Qf7 22. Qxf7+ 1/2-1/2

[Event "Mechanics' Mar TNM; 30/90, SD/30"]
[Site "San Francisco"]
[Date "2012.09.04"]
[Round "6.1"]
[White "Wong, Russell"]
[Black "Winslow, Elliott"]
[Result "0-1"]
[WhiteElo "2221"]
[BlackElo "2342"]
[Annotator "Winslow,Elliott"]
[PlyCount "138"]
[EventDate "2012.??.??"]

1. e4 c5 2. Nf3 d6 3. d4 cxd4 4. Nxd4 Nf6 5. Nc3 a6 6. Bg5 e6 7. a4 Be7 8. h4
h6 9. Be3 Nc6 10. Be2 O-O 11. Qd2 Nxd4 12. Bxd4 e5 13. Be3 Be6 14. O-O-O Qa5
15. Nd5 Qxd2+ 16. Rxd2 Nxd5 17. exd5 Bd7 18. b3 f5 19. f3 b5 20. a5 Rfc8 21.
Kb2 Bd8 22. b4 f4 23. Bf2 Bf5 24. Bd3 Bxd3 25. Rxd3 Rc4 26. Kb3 Rac8 27. c3 Bf6
28. Be1 Kf7 (28... g5) (28... g6) 29. h5 g5 30. Bd2 (30. hxg6+) 30... g4 31.
Re1 (31. g3) 31... g3 32. Rh1 Bg5 33. Re1 Kf6 34. Re2 Kf5 35. Be1 Bf6 36. Rd1
Kg5 37. Bd2 Kxh5 38. Rde1 Kg5 39. Re4 Kf5 40. Rxc4 Rxc4 41. Kc2 h5 42. Kd3 h4
43. Bc1 e4+ 44. fxe4+ Kg4 45. Bd2 Be5 46. Rh1 Bf6 47. Be1 Bg5 48. Bd2 f3 49.
gxf3+ Kh5 50. Be1 (50. f4 g2 51. Rg1 h3 52. fxg5 h2) 50... g2 51. Rg1 h3 52.
Bg3 Bf6 53. Bxd6 Rxc3+ 54. Kd2 Bd4 55. Rd1 Rxf3 56. Bh2 Rf1 57. d6 Rxd1+ 58.
Kxd1 Be5 59. d7 Bxh2 60. d8=Q g1=Q+ 61. Ke2 Qg4+ 62. Kf1 Qf3+ 63. Ke1 Qxe4+ 64.
Kd1 Qg4+ 65. Kc2 Qc4+ 66. Kd1 Bf4 67. Qe8+ Kh4 68. Qe1+ Kg4 69. Qe2+ Qxe2+ 0-1

[Event "Mechanics' Fall TNM; 30/90, SD/30"]
[Site "San Francisco"]
[Date "2012.11.06"]
[Round "4.1"]
[White "Wong, Russell"]
[Black "Winslow, Elliott"]
[Result "0-1"]
[WhiteElo "2212"]
[BlackElo "2293"]
[Annotator "Donaldson"]
[PlyCount "62"]
[EventDate "2012.??.??"]

1. e4 c5 2. Nf3 d6 3. d4 cxd4 4. Nxd4 Nf6 5. Nc3 a6 6. Bg5 e6 7. f4 h6 8. Bxf6
Qxf6 9. Qd2 Nc6 10. Nf3 Bd7 11. O-O-O Qd8 12. g4 Qa5 13. Bc4 Be7 14. Kb1 Qc5
15. Bb3 O-O-O 16. Na4 Qa7 17. Rhe1 Rhe8 18. Re3 Kb8 19. c4 Rc8 20. Rd3 (20. c5
$2 dxc5 21. Qxd7 $4 Red8 $19) 20... b5 21. cxb5 axb5 22. Nc3 Qb7 23. a4 $6 (23.
Rxd6 Bxd6 24. Qxd6+ Rc7 25. a4 bxa4 26. Bxa4 Rec8 27. f5 {
is an interesting alternative proposed by Houdini 2.}) 23... Na5 24. Nxb5 Bxb5
25. axb5 Nxb3 26. Rxb3 Qxe4+ 27. Ka2 Kb7 $1 {
White's King position and pawn structure are shaky.} 28. Ra3 d5 $2 (28... Ra8 {
with ...d5 to follow.}) 29. Rd3 ({
White has no worse than a draw and chances for more after} 29. Ra7+ $1 Kxa7 30.
Qa5+ Kb8 31. Rd4) 29... Ra8+ 30. Kb1 Ra4 31. Nd4 $4 {
This loses on the spot, but White's position was very difficult.} Rxd4 0-1

[Event "Mechanics' Mar TNM; 30/90, SD/30"]
[Site "San Francisco"]
[Date "2012.09.11"]
[Round "7.14"]
[White "Yamamoto, Craig"]
[Black "Abraham, Renjish"]
[Result "0-1"]
[WhiteElo "1627"]
[BlackElo "1877"]
[PlyCount "66"]
[EventDate "2012.??.??"]

1. c4 Nf6 2. Nf3 g6 3. d4 Bg7 4. g3 O-O 5. Bg2 c5 6. d5 d6 7. Nc3 e6 8. e4 exd5
9. cxd5 Re8 10. Nd2 Bg4 11. Qc2 Na6 12. a3 Nc7 13. O-O b5 14. Rb1 Rc8 15. b3 b4
16. Nd1 Nb5 17. a4 Bxd1 18. Qxd1 Nc3 19. Qc2 Nxb1 20. Qxb1 Nd7 21. Bh3 Rc7 22.
f4 Bd4+ 23. Kh1 Nf6 24. Re1 Rce7 25. Bg2 Ng4 26. Bf3 Nf2+ 27. Kg2 Qd7 28. Kf1
Qh3+ 29. Bg2 Qxh2 30. Nf3 Qxg3 31. Nxd4 cxd4 32. Re2 Ng4 33. Bd2 d3 0-1

[Event "Mechanics' Mar TNM; 30/90, SD/30"]
[Site "San Francisco"]
[Date "2012.08.21"]
[Round "4.10"]
[White "Yamamoto, Craig"]
[Black "Anderson, Michael"]
[Result "0-1"]
[WhiteElo "1627"]
[BlackElo "1905"]
[PlyCount "66"]
[EventDate "2012.??.??"]

1. e4 c5 2. Nf3 Nc6 3. d4 cxd4 4. Nxd4 e6 5. Nc3 a6 6. a3 Nge7 7. f4 Nxd4 8.
Qxd4 Nc6 9. Qd3 d6 10. Be2 Be7 11. Be3 b5 12. O-O Bb7 13. Bf3 Rc8 14. g3 O-O
15. b3 Bf6 16. Bd2 b4 17. axb4 Nxb4 18. Qe3 Nxc2 19. Qd3 Nxa1 20. Rxa1 Qb6+ 21.
Kg2 Qd4 22. Qe2 Rxc3 23. Bxc3 Qxc3 24. Qd1 Qxa1 25. Qxd6 Qb2+ 26. Kh3 Qxb3 27.
Bg2 Qc4 28. e5 Bxg2+ 29. Kxg2 Qd5+ 30. Kf2 Qxd6 31. exd6 a5 32. Ke2 a4 33. Kd3
a3 0-1

[Event "Mechanics' Fall TNM; 30/90, SD/30"]
[Site "San Francisco"]
[Date "2012.11.13"]
[Round "5.12"]
[White "Yamamoto, Craig"]
[Black "Gaffagan, Steven"]
[Result "0-1"]
[WhiteElo "1720"]
[BlackElo "2070"]
[Annotator "Donaldson"]
[PlyCount "42"]
[EventDate "2012.??.??"]

1. e4 c5 2. Nf3 d6 3. d4 cxd4 4. Nxd4 Nf6 5. Nc3 a6 6. Be2 e6 7. Be3 Be7 8. O-O
O-O 9. a4 Nc6 10. Nb3 b6 11. f4 Qc7 12. Bf3 Bb7 13. Qe2 Rab8 14. g4 Nd7 15. f5
Nde5 16. Bg2 Rfe8 17. fxe6 fxe6 18. h3 Rf8 19. Nd4 Nxd4 20. Bxd4 Bf6 21. Ra3 $4
Nxg4 0-1

[Event "Mechanics' Fall TNM; 30/90, SD/30"]
[Site "San Francisco"]
[Date "2012.11.27"]
[Round "7.21"]
[White "Yamamoto, Craig"]
[Black "McCarty-Snead, Callaghan"]
[Result "0-1"]
[WhiteElo "1720"]
[BlackElo "826"]
[PlyCount "52"]
[EventDate "2012.??.??"]

1. e4 e5 2. Bc4 Nf6 3. Nc3 Nxe4 4. Bxf7+ Kxf7 5. Qh5+ Kg8 6. Nxe4 d5 7. Ng3 Nc6
8. d3 Be7 9. Nf3 Bf6 10. Bg5 Be6 11. c3 Bf7 12. Qh4 Bxg5 13. Qxg5 Qxg5 14. Nxg5
Rf8 15. Nxf7 Rxf7 16. O-O h6 17. f3 Kh7 18. Rfe1 Re8 19. Re2 Kg8 20. Rae1 Rfe7
21. Nf5 Re6 22. Ne3 Ne7 23. Ng4 Ng6 24. d4 e4 25. Kf2 Nf4 26. Re3 Nd3+ 0-1

[Event "Mechanics' Mar TNM; 30/90, SD/30"]
[Site "San Francisco"]
[Date "2012.09.04"]
[Round "6.4"]
[White "Zavadsky, Peter"]
[Black "Chamberlain, Ethan"]
[Result "1-0"]
[WhiteElo "2307"]
[BlackElo "1972"]
[PlyCount "57"]
[EventDate "2012.??.??"]

1. d4 Nf6 2. c4 g6 3. Nc3 d5 4. cxd5 Nxd5 5. Bd2 Bg7 6. e4 Nb6 7. Be3 O-O 8.
Nf3 Nc6 9. Be2 Bg4 10. d5 Bxf3 11. gxf3 Nb8 12. a4 c6 13. a5 N6d7 14. Qb3 Bxc3+
15. bxc3 Qc7 16. c4 e6 17. dxe6 fxe6 18. c5 Qe5 19. O-O Na6 20. Bxa6 bxa6 21.
Rfd1 Rab8 22. Qc4 Rb5 23. f4 Qf6 24. e5 Qe7 25. Rd6 Nb8 26. Kh1 Re8 27. f5 gxf5
28. Rg1+ Kh8 29. Bg5 1-0

[Event "Mechanics' Mar TNM; 30/90, SD/30"]
[Site "San Francisco"]
[Date "2012.09.25"]
[Round "9.2"]
[White "Zavadsky, Peter"]
[Black "Fuentes, Romulo"]
[Result "1-0"]
[WhiteElo "2307"]
[BlackElo "2205"]
[PlyCount "67"]
[EventDate "2012.??.??"]

1. e4 c5 2. Nf3 d6 3. d4 cxd4 4. Nxd4 Nf6 5. Nc3 a6 6. f4 Qb6 7. Be2 Nc6 8. Nb3
Be6 9. f5 Bd7 10. a4 Rc8 11. a5 Qc7 12. Be3 Ne5 13. O-O Bc6 14. Qd4 g6 15. Bg5
Bg7 16. Qe3 h6 17. Bxf6 Bxf6 18. fxg6 fxg6 19. Nd4 Qd7 20. Nd5 Bxd5 21. exd5 h5
22. Ne6 Kf7 23. Qe4 Kg8 24. Ra3 Qe8 25. Rb3 Rb8 26. h4 Rh7 27. Ra1 Nd7 28. Rg3
Ne5 29. Raa3 Kh8 30. Rac3 Rc8 31. Rxc8 Qxc8 32. Rc3 Qe8 33. Rc7 Nd7 34. Qc4 1-0

[Event "Mechanics' Summer TNM; 30/90, SD/30"]
[Site "San Francisco"]
[Date "2012.06.19"]
[Round "5.1"]
[White "Zavadsky, Peter"]
[Black "Rumph, Todd"]
[Result "1-0"]
[WhiteElo "2307"]
[BlackElo "2182"]
[Annotator "Donaldson"]
[PlyCount "103"]
[EventDate "2012.??.??"]

1. e4 e5 2. Nf3 Nc6 3. Bb5 a6 4. Ba4 d6 5. c3 f5 6. exf5 Bxf5 7. O-O Bd3 8. Re1
Be7 9. Bc2 Bxc2 10. Qxc2 Nf6 11. d3 Qd7 12. Nbd2 O-O 13. Nf1 Kh8 14. Ng3 Rae8
15. Bg5 Nd5 16. Qb3 Nf4 17. Bxf4 Rxf4 18. Re4 Rxe4 19. dxe4 Nd8 20. Rd1 Qe6 21.
Qa4 c6 22. c4 g6 23. Qc2 Rf8 24. a4 Qg4 25. h3 Qe6 26. Rd3 Qf6 27. Qd1 Ne6 28.
Ne2 a5 29. Qe1 Nc5 30. Re3 Ra8 31. b3 Kg7 32. Nc1 Bd8 33. Nd3 Bb6 34. Nxc5 Bxc5
35. Rd3 Qf4 36. Nh2 Bb4 37. Qe2 Rf8 38. Rf3 Qc1+ 39. Nf1 Rxf3 40. Qxf3 Qe1 41.
g3 Bc5 42. Kg2 h5 43. g4 hxg4 44. hxg4 Qc1 45. Nh2 Qg5 46. Qg3 Bb4 47. Nf3 Qh6
48. Ng1 Bd2 49. Nh3 $11 Bf4 $4 50. g5 Qh8 51. Nxf4 exf4 52. Qc3+ 1-0

[Event "Mechanics' Mar TNM; 30/90, SD/30"]
[Site "San Francisco"]
[Date "2012.08.21"]
[Round "4.13"]
[White "Zavadsky, Peter"]
[Black "Sherwood, Peter"]
[Result "1-0"]
[WhiteElo "2307"]
[BlackElo "1784"]
[PlyCount "111"]
[EventDate "2012.??.??"]

1. d4 d5 2. c4 dxc4 3. Nf3 Nf6 4. e3 e6 5. Bxc4 c5 6. O-O Nc6 7. Nc3 Be7 8. Qe2
O-O 9. Rd1 cxd4 10. exd4 a6 11. Bg5 b5 12. Bb3 Nd5 13. Bxd5 exd5 14. Bxe7 Qxe7
15. Qxe7 Nxe7 16. Re1 Ra7 17. Re3 Rd8 18. Rae1 Kf8 19. Ne5 Be6 20. h3 Nf5 21.
Rd3 Rc7 22. a3 Nd6 23. Rf3 Ne4 24. Nd3 Re8 25. Nf4 Nf6 26. Rfe3 Rce7 27. h4 h6
28. h5 Kg8 29. f3 Kf8 30. Kf2 Kg8 31. R1e2 Kf8 32. Ke1 Bc8 33. Rxe7 Rxe7 34.
Rxe7 Kxe7 35. Ncxd5+ Nxd5 36. Nxd5+ Kd6 37. Nc3 f5 38. Kd2 Bd7 39. Ne2 Kd5 40.
Kd3 a5 41. Nf4+ Kd6 42. Kc3 Bc6 43. b4 a4 44. Kd3 Bb7 45. Ne2 Bc6 46. Nc3 Ke6
47. Ke3 Kd6 48. Kf4 Ke6 49. d5+ Bxd5 50. Nxb5 Bc4 51. Nd4+ Kf6 52. Nxf5 Bf1 53.
g4 Bd3 54. Nd4 Ke7 55. Ke5 Kd7 56. Nf5 1-0

[Event "Mechanics' Summer TNM; 30/90, SD/30"]
[Site "San Francisco"]
[Date "2012.06.12"]
[Round "4.5"]
[White "Zavadsky, Peter"]
[Black "Todortsev, Victor"]
[Result "1-0"]
[WhiteElo "2307"]
[BlackElo "1969"]
[PlyCount "83"]
[EventDate "2012.??.??"]

1. d4 d5 2. c4 e6 3. Nc3 Nf6 4. Bg5 Be7 5. e3 O-O 6. Nf3 Nbd7 7. Bd3 h6 8. Bh4
c5 9. O-O b6 10. Rc1 Bb7 11. cxd5 cxd4 12. Nxd4 Nxd5 13. Bxe7 Qxe7 14. Nxd5
Bxd5 15. e4 Bb7 16. Rc7 Rab8 17. Bb5 Rfd8 18. Nc6 Qc5 19. Rxd7 Rxd7 20. Qxd7
Rf8 21. b4 Bxc6 22. bxc5 Bxd7 23. Bxd7 bxc5 24. Rc1 Rd8 25. Bb5 Rc8 26. Kf1 g5
27. Ke2 Kg7 28. Kd3 Kf6 29. Kc4 Rd8 30. Kc3 Ke5 31. Re1 Rd4 32. Bc6 Rd6 33. Ba4
Rd4 34. Bc2 f6 35. Rb1 f5 36. Rb5 Kd6 37. f3 h5 38. Ra5 g4 39. Rxa7 gxf3 40.
gxf3 Ke5 41. Rf7 Rb4 42. exf5 1-0

[Event "Mechanics' Summer TNM; 30/90, SD/30"]
[Site "San Francisco"]
[Date "2012.07.03"]
[Round "7.1"]
[White "Zavadsky, Peter"]
[Black "Wong, Russell"]
[Result "1-0"]
[WhiteElo "2307"]
[BlackElo "2221"]
[PlyCount "59"]
[EventDate "2012.??.??"]

1. e4 Nf6 2. e5 Nd5 3. d4 d6 4. c4 Nb6 5. f4 dxe5 6. fxe5 Nc6 7. Be3 Bf5 8. Nc3
e6 9. Nf3 Be7 10. Be2 f6 11. exf6 Bxf6 12. O-O O-O 13. Qd2 Qe7 14. Rad1 Rad8
15. Qc1 Rd7 16. d5 Bxc3 17. dxc6 Rxd1 18. Rxd1 Bf6 19. cxb7 c5 20. b4 cxb4 21.
c5 Nd5 22. Rxd5 exd5 23. c6 Bc3 24. Bb5 Qc7 25. Bxa7 Qa5 26. Qe3 Qxb5 27. Qc5
Qxc5+ 28. Bxc5 b3 29. axb3 Ba5 30. Bxf8 1-0

[Event "Mechanics' Mar TNM; 30/90, SD/30"]
[Site "San Francisco"]
[Date "2012.08.07"]
[Round "2.18"]
[White "Zhao, Art"]
[Black "Hartsough, Chester"]
[Result "1-0"]
[WhiteElo "1982"]
[BlackElo "997"]
[PlyCount "49"]
[EventDate "2012.??.??"]

1. d4 d5 2. c4 dxc4 3. Nc3 e6 4. e4 Bb4 5. Bxc4 Nf6 6. Bg5 h6 7. Bxf6 gxf6 8.
Nf3 Nc6 9. O-O e5 10. d5 Na5 11. Qa4+ Qd7 12. Qxb4 Nxc4 13. Qxc4 a6 14. Rfd1
Qd6 15. Rac1 Bd7 16. a4 f5 17. exf5 Bxf5 18. Nxe5 b5 19. axb5 axb5 20. Nxb5 Qb6
21. Nxc7+ Ke7 22. d6+ Kf6 23. Qxf7+ Kg5 24. Nf3+ Kf4 25. Rc4+ 1-0

[Event "Mechanics' Summer TNM; 30/90, SD/30"]
[Site "San Francisco"]
[Date "2012.06.12"]
[Round "4.19"]
[White "Zhao, Art"]
[Black "James, Charles"]
[Result "1-0"]
[WhiteElo "2004"]
[BlackElo "1475"]
[PlyCount "45"]
[EventDate "2012.??.??"]

1. d4 f5 2. c4 g6 3. g3 Bg7 4. Bg2 c6 5. Nf3 Nf6 6. O-O O-O 7. b3 d6 8. Qc2 Qe8
9. Nc3 e5 10. dxe5 dxe5 11. Ba3 Rf7 12. e4 Na6 13. Rfe1 fxe4 14. Ng5 Rc7 15.
Bd6 Rd7 16. Ncxe4 h6 17. Nxf6+ Bxf6 18. Ne4 Rf7 19. Nxf6+ Rxf6 20. Bxe5 Re6 21.
Bc3 Rxe1+ 22. Rxe1 Qxe1+ 23. Bxe1 1-0

[Event "Mechanics' Summer TNM; 30/90, SD/30"]
[Site "?"]
[Date "2012.06.26"]
[Round "6"]
[White "Zhao, Art"]
[Black "Persidsky, Andre"]
[Result "1-0"]
[WhiteElo "2004"]
[BlackElo "1861"]
[PlyCount "103"]
[EventDate "2012.??.??"]

1. d4 d5 2. c4 c6 3. Nc3 Nf6 4. Nf3 e6 5. Bg5 Be7 6. e3 Nbd7 7. Bd3 O-O 8. O-O
Re8 9. Re1 b6 10. Rc1 Bb7 11. cxd5 exd5 12. Qc2 Rc8 13. e4 dxe4 14. Nxe4 h6 15.
Nxf6+ Nxf6 16. Bh4 c5 17. Bf5 Bxf3 18. Bxf6 Bxf6 19. Bxc8 Qxc8 20. gxf3 Bxd4
21. Qa4 Re6 22. Rxe6 Qxe6 23. Qxa7 Bxb2 24. Rf1 Qg6+ 25. Kh1 Qc6 26. Qb8+ Kh7
27. Qf4 c4 28. Re1 c3 29. Re2 Qb5 30. Qe4+ f5 31. Qc2 Qd5 32. Kg2 b5 33. Qb3
Qxb3 34. axb3 Bc1 35. Re5 Bf4 36. Rc5 b4 37. Rc4 Bd2 38. Kf1 Kg6 39. Ke2 Bg5
40. Rc7 Bf4 41. Rc6+ Kg5 42. Kd3 Bxh2 43. Rb6 Kf4 44. Ke2 Ke5 45. Rxb4 Bf4 46.
Kd3 Bd2 47. Rb8 Kd5 48. Rg8 Kc5 49. Rxg7 Kb4 50. Kc2 Be1 51. Rf7 Bxf2 52. Rxf5
1-0

[Event "Mechanics' Summer TNM; 30/90, SD/30"]
[Site "?"]
[Date "2012.07.10"]
[Round "8.4"]
[White "Zhao, Art"]
[Black "Wong, Russell"]
[Result "1-0"]
[WhiteElo "2004"]
[BlackElo "2221"]
[PlyCount "53"]
[EventDate "2012.??.??"]

1. d4 Nf6 2. c4 g6 3. Nc3 Bg7 4. e4 d6 5. f3 O-O 6. Be3 c5 7. Nge2 Nc6 8. dxc5
dxc5 9. Qxd8 Rxd8 10. Bxc5 Nd7 11. Ba3 Nde5 12. Nf4 Na5 13. Bxe7 Rd7 14. Nfd5
Nexc4 15. O-O-O Nb6 16. Bb5 Nc6 17. Ba3 f6 18. Nxb6 axb6 19. Nd5 Ra5 20. Bxc6
bxc6 21. Ne7+ Rxe7 22. Bxe7 Kf7 23. Ba3 c5 24. Rd8 Be6 25. Rb8 Rb5 26. Rb7+ Kg8
27. Rd1 1-0

[Event "Mechanics' Mar TNM; 30/90, SD/30"]
[Site "San Francisco"]
[Date "2012.08.28"]
[Round "5.2"]
[White "Zhao, Art"]
[Black "Wong, Russell"]
[Result "0-1"]
[WhiteElo "1982"]
[BlackElo "2221"]
[PlyCount "98"]
[EventDate "2012.??.??"]

1. d4 Nf6 2. c4 c5 3. d5 d6 4. Nc3 e5 5. e4 Be7 6. f3 a6 7. Be3 Nbd7 8. Bd3 O-O
9. Nge2 Ne8 10. O-O g6 11. Qc2 Ng7 12. a3 Bg5 13. Qd2 Bxe3+ 14. Qxe3 Qa5 15.
Rfb1 Qd8 16. b4 f5 17. Na4 f4 18. Qd2 b6 19. bxc5 bxc5 20. Rb3 Rb8 21. Rxb8
Nxb8 22. Rb1 Nd7 23. Nec3 Nh5 24. Rb3 g5 25. Qb2 Nhf6 26. Nb6 Nxb6 27. Rxb6 g4
28. Be2 gxf3 29. Bxf3 Ng4 30. Bxg4 Bxg4 31. h3 f3 32. Nd1 Bc8 33. g4 Qh4 34.
Kh2 Bxg4 35. Nf2 Bxh3 36. Rxd6 Bc8+ 37. Kg1 Qg3+ 38. Kf1 Qg2+ 39. Ke1 Qg1+ 40.
Kd2 Qxf2+ 41. Kc3 Qxb2+ 42. Kxb2 f2 43. Rc6 f1=Q 44. Rxc5 Bd7 45. Rc7 Rb8+ 46.
Kc2 Qf2+ 47. Kc3 Qd4+ 48. Kc2 Rb2+ 49. Kc1 Qd2# 0-1

[Event "Mechanics' Mar TNM; 30/90, SD/30"]
[Site "San Francisco"]
[Date "2012.08.14"]
[Round "3.26"]
[White "Zhao, Audrey"]
[Black "Frank, Robert"]
[Result "1-0"]
[WhiteElo "1777"]
[BlackElo "1313"]
[PlyCount "55"]
[EventDate "2012.??.??"]

1. d4 Nf6 2. c4 e6 3. Nc3 Bb4 4. e3 O-O 5. Bd3 c5 6. Nf3 cxd4 7. exd4 b6 8. O-O
d5 9. cxd5 Bxc3 10. bxc3 Nxd5 11. Qc2 h6 12. c4 Nb4 13. Qe2 Nxd3 14. Qxd3 Bb7
15. Bb2 Nc6 16. Qc3 Qf6 17. Qe3 Rfe8 18. Rfe1 Re7 19. Rad1 Nb4 20. Qb3 Bxf3 21.
gxf3 Qg6+ 22. Kh1 Nc6 23. Rg1 Qh7 24. d5 Na5 25. Qb4 Rc7 26. Rxg7+ Qxg7 27.
Bxg7 Kxg7 28. Rg1+ 1-0